Human Resource Management (Record no. 9194)

MARC details
000 -LEADER
fixed length control field 00475nam a22001817a 4500
005 - DATE AND TIME OF LATEST TRANSACTION
control field 20221109120346.0
008 - FIXED-LENGTH DATA ELEMENTS--GENERAL INFORMATION
fixed length control field 221109b |||||||| |||| 00| 0 eng d
082 ## - DEWEY DECIMAL CLASSIFICATION NUMBER
Classification number 658.3 DES
100 ## - MAIN ENTRY--PERSONAL NAME
Personal name Dessler, Gary
245 ## - TITLE STATEMENT
Title Human Resource Management
250 ## - EDITION STATEMENT
Edition statement 4th ed
260 ## - PUBLICATION, DISTRIBUTION, ETC.
Place of publication, distribution, etc. India:
Name of publisher, distributor, etc. Pearson;
Date of publication, distribution, etc. 2016
300 ## - PHYSICAL DESCRIPTION
Extent xxix,570p :
Other physical details color illus;
Dimensions 25.3 cm
500 ## - GENERAL NOTE
General note Includes Index
650 ## - SUBJECT ADDED ENTRY--TOPICAL TERM
Topical term or geographic name entry element CE Books
700 ## - ADDED ENTRY--PERSONAL NAME
Relator code author
Personal name Varkkey, Biju
942 ## - ADDED ENTRY ELEMENTS (KOHA)
Source of classification or shelving scheme Dewey Decimal Classification
Koha item type CE Textbook
Holdings
Withdrawn status Lost status Source of classification or shelving scheme Damaged status Not for loan Collection code Home library Current library Shelving location Date acquired Serial Enumeration / chronology Total Checkouts Full call number Barcode Date last seen Price effective from Koha item type
    Dewey Decimal Classification     CE Textbook RTC Library RTC Library CE Textbook 09/11/2022 17230   658.3 DES c.6 30016305 09/11/2022 09/11/2022 CE Textbook
    Dewey Decimal Classification     CE Textbook RTC Library RTC Library CE Textbook 09/11/2022 17229   658.3 DES c.5 30016387 09/11/2022 09/11/2022 CE Textbook
    Dewey Decimal Classification     CE Textbook RTC Library RTC Library CE Textbook 09/11/2022 17228   658.3 DES c.4 30016348 09/11/2022 09/11/2022 CE Textbook
    Dewey Decimal Classification     CE Textbook RTC Library RTC Library CE Textbook 09/11/2022 17227   658.3 DES c.3 30016328 09/11/2022 09/11/2022 CE Textbook
    Dewey Decimal Classification     CE Textbook RTC Library RTC Library CE Textbook 09/11/2022 17226   658.3 DES c.2 30016534 09/11/2022 09/11/2022 CE Textbook
    Dewey Decimal Classification     CE Textbook RTC Library RTC Library CE Textbook 09/11/2022 17225   658.3 DES c.1 30016547 09/11/2022 09/11/2022 CE Textbook
Royal Thimphu College || All Right Reserved